[Event "Tom Weston Open Major Championship"]
[Site "Cardiff"]
[Date "2017.04.15"]
[Round "3.5"]
[White "Jukes, Sam"]
[Black "Christmas, Steve"]
[Result "0-1"]
[WhiteElo "1734"]
[BlackElo "1809"]
[PlyCount "76"]
[EventDate "2017.04.14"]
[EventType "swiss"]
[EventRounds "7"]
[EventCountry "WLS"]
[SourceDate "2017.04.14"]

1. d4 Nf6 2. c4 e6 3. Nc3 Bb4 4. Qc2 d5 5. cxd5 exd5 6. Nf3 O-O 7. Bg5 h6 8.
Bh4 Nbd7 9. e3 Re8 10. Bd3 c6 11. O-O Be7 12. a4 a6 13. Bg3 Nf8 14. Ne5 Nh5 15.
Ne2 Nxg3 16. fxg3 Bf6 17. Rf4 Bxe5 18. dxe5 Rxe5 19. Raf1 Re7 20. Nd4 Qd6 21.
Bf5 c5 22. Bxc8 cxd4 23. Rxd4 Rc7 24. Rxd5 Raxc8 25. Qe4 Qg6 26. Qf4 Ne6 27.
Qb4 Rc1 28. Qxb7 Rxf1+ 29. Kxf1 Rc1+ 30. Ke2 Qg4+ 31. Kf2 Rc2+ 32. Kg1 Rc1+ 33.
Kf2 Qc4 34. Qa8+ Kh7 35. g4 Rc2+ 36. Kg3 Qe4 37. Rd8 Rxg2+ 38. Kh3 Qxg4# 0-1

[Event "Tom Weston Open Major Championship"]
[Site "Cardiff"]
[Date "2017.04.15"]
[Round "3.6"]
[White "Fraser, Susanna"]
[Black "McGregor, John"]
[Result "0-1"]
[WhiteElo "1419"]
[BlackElo "1803"]
[PlyCount "64"]
[EventDate "2017.04.14"]
[EventType "swiss"]
[EventRounds "7"]
[EventCountry "WLS"]
[SourceDate "2017.04.14"]

1. d4 d5 2. c4 dxc4 3. Nf3 c5 4. e3 cxd4 5. Nxd4 e5 6. Nf3 Qxd1+ 7. Kxd1 Nc6 8.
Bxc4 Bf5 9. Ke2 O-O-O 10. Bxf7 Nb4 11. Na3 Bd3+ 12. Ke1 Nc2+ 13. Nxc2 Bxc2 14.
Bd2 Nh6 15. Be6+ Kb8 16. Nxe5 Bd6 17. Nc4 Bc7 18. Bc3 Rhe8 19. Bh3 g6 20. f3
Bd3 21. b3 Bxc4 22. bxc4 Rxe3+ 23. Kf2 Rxc3 24. Be6 Rd2+ 25. Kf1 Bb6 26. Ke1
Rcc2 27. c5 Bxc5 28. h3 Re2+ 29. Kd1 Rcd2+ 30. Kc1 Ba3+ 31. Kb1 Rxe6 32. g4
Rb6# 0-1

[Event "Tom Weston Open Major Championship"]
[Site "Cardiff"]
[Date "2017.04.15"]
[Round "3.9"]
[White "Livermore, Richard"]
[Black "Hurn, Robert AJ"]
[Result "1-0"]
[WhiteElo "1553"]
[BlackElo "1607"]
[PlyCount "111"]
[EventDate "2017.04.14"]
[EventType "swiss"]
[EventRounds "7"]
[EventCountry "WLS"]
[SourceDate "2017.04.14"]

1. d4 Nf6 2. Nf3 d5 3. e3 e6 4. Bd3 c5 5. b3 Be7 6. Nbd2 Nbd7 7. Bb2 O-O 8. O-O
b6 9. Ne5 Bb7 10. f4 Ne4 11. Nxe4 dxe4 12. Bc4 Qc7 13. Nxd7 Qxd7 14. dxc5 Qxd1
15. Raxd1 Bxc5 16. Bd4 Rad8 17. Bxc5 bxc5 18. Kf2 g6 19. Ke2 Kg7 20. Rxd8 Rxd8
21. Rd1 Rxd1 22. Kxd1 Bd5 23. Ba6 Kf6 24. c4 Bc6 25. a3 Ke7 26. b4 cxb4 27.
axb4 Kd6 28. c5+ Kc7 29. b5 Bd5 30. Kd2 f6 31. Kc3 g5 32. fxg5 fxg5 33. Kd4 g4
34. Ke5 h5 35. Kf4 Kb8 36. Kg5 g3 37. h4 Bc4 38. Kf4 e5+ 39. Kxe4 Be2 40. Kxe5
Bf1 41. Kf4 Bxg2 42. Kxg3 Bd5 43. Kf4 Kc7 44. e4 Bf7 45. Kf5 Be8 46. e5 Bf7 47.
Kf6 Be8 48. e6 Kb8 49. Ke7 Bg6 50. Kd8 Ka8 51. c6 Bf5 52. Kd7 Bxe6+ 53. Kxe6
Kb8 54. Kd7 Ka8 55. Kd8 Kb8 56. c7+ 1-0

[Event "Tom Weston Open Major Championship"]
[Site "Cardiff"]
[Date "2017.04.15"]
[Round "3.10"]
[White "Probert, Malcolm"]
[Black "O'Rourke, Kevin"]
[Result "1-0"]
[WhiteElo "1592"]
[BlackElo "1310"]
[PlyCount "91"]
[EventDate "2017.04.14"]
[EventType "swiss"]
[EventRounds "7"]
[EventCountry "WLS"]
[SourceDate "2017.04.14"]

1. Nf3 d5 2. g3 h6 3. Bg2 Bd7 4. O-O Nf6 5. c4 Qc8 6. cxd5 Bh3 7. Qa4+ c6 8.
dxc6 Nxc6 9. Ne5 Bxg2 10. Kxg2 Qe6 11. Nxc6 bxc6 12. Nc3 Nd7 13. Qe4 Qxe4+ 14.
Nxe4 e6 15. d3 f5 16. Nc3 h5 17. h4 Be7 18. e4 g6 19. Ne2 Rg8 20. Nd4 g5 21.
Nxe6 Rc8 22. Nxg5 Ne5 23. d4 Nf7 24. Nxf7 Kxf7 25. exf5 Bxh4 26. Rh1 Bg5 27.
Rxh5 Bxc1 28. Rxc1 Kf6 29. Rh6+ Kxf5 30. Rhxc6 Rb8 31. b3 Ke4 32. R1c4 Rbd8 33.
R6c5 Rxd4 34. Rxd4+ Kxd4 35. Rc4+ Kd3 36. f4 Re8 37. Ra4 Re2+ 38. Kf3 Re7 39.
f5 Rc7 40. g4 Rb7 41. f6 Kc3 42. g5 Rf7 43. Ke4 Rh7 44. g6 Rh4+ 45. Ke5 Rh5+
46. Ke6 1-0

[Event "Tom Weston Open Major Championship"]
[Site "Cardiff"]
[Date "2017.04.15"]
[Round "3.11"]
[White "Qiu, Anlan"]
[Black "Jones, Huw"]
[Result "1-0"]
[WhiteElo "1612"]
[BlackElo "1690"]
[PlyCount "67"]
[EventDate "2017.04.14"]
[EventType "swiss"]
[EventRounds "7"]
[EventCountry "WLS"]
[SourceDate "2017.04.14"]

1. e4 e6 2. d3 d5 3. Nd2 c5 4. Ngf3 Nc6 5. g3 Nf6 6. Bg2 Be7 7. O-O O-O 8. b3
Qc7 9. Bb2 b5 10. exd5 exd5 11. Re1 Bb7 12. Ne5 Nxe5 13. Bxe5 Qd7 14. Bb2 Rfe8
15. d4 c4 16. bxc4 bxc4 17. Nf3 Ne4 18. Ne5 Qf5 19. Bxe4 dxe4 20. Nxc4 e3 21.
Nxe3 Qh3 22. Qg4 Qxg4 23. Nxg4 h5 24. Ne5 Rad8 25. f4 h4 26. Kf2 h3 27. Re3 Bf6
28. Rae1 g5 29. Ng4 Re6 30. Rxe6 Bxd4+ 31. Bxd4 fxe6 32. Bxa7 gxf4 33. gxf4 Rf8
34. Kg3 1-0

[Event "Tom Weston Open Major Championship"]
[Site "Cardiff"]
[Date "2017.04.15"]
[Round "3.12"]
[White "White, Sam"]
[Black "Cox, John"]
[Result "0-1"]
[WhiteElo "1671"]
[BlackElo "1448"]
[PlyCount "102"]
[EventDate "2017.04.14"]
[EventType "swiss"]
[EventRounds "7"]
[EventCountry "WLS"]
[SourceDate "2017.04.14"]

1. d4 d5 2. Nf3 Nf6 3. Bf4 e6 4. c3 Bd6 5. Bxd6 Qxd6 6. Nbd2 Nbd7 7. e3 O-O 8.
Bd3 Re8 9. Qc2 e5 10. dxe5 Nxe5 11. Nxe5 Rxe5 12. O-O-O g6 13. h3 c5 14. Nf3
Re7 15. g4 Qc6 16. g5 Ne4 17. Bxe4 Rxe4 18. Qd2 Be6 19. b3 a5 20. Qb2 a4 21. c4
dxc4 22. Ne5 Qb5 23. Nxc4 Bxc4 24. Qf6 Bd3 25. Rxd3 Qxd3 26. Rd1 Qb5 27. Rd6
axb3 28. axb3 Qf1+ 29. Kb2 Qe2+ 30. Kc3 Qe1+ 31. Kd3 Qb1+ 32. Kc3 Qa1+ 33. Kd3
Qxf6 34. gxf6 Re6 35. Rd5 Rc8 36. f4 Rxf6 37. Kc4 Rfc6 38. Rd7 R6c7 39. Rd6 Kg7
40. e4 h5 41. h4 Kf8 42. e5 Ke7 43. Rb6 Rd8 44. Rf6 Rd4+ 45. Kb5 Rb4+ 46. Ka5
Rxb3 47. f5 Rc8 48. Rxf7+ Kxf7 49. e6+ Kf6 50. Ka4 Rb1 51. e7 Ra8# 0-1

[Event "Tom Weston Open Major Championship"]
[Site "Cardiff"]
[Date "2017.04.15"]
[Round "3.14"]
[White "Lutchman Singh, Aishwarya"]
[Black "Williams, Stephen"]
[Result "0-1"]
[WhiteElo "1411"]
[BlackElo "1714"]
[PlyCount "80"]
[EventDate "2017.04.14"]
[EventType "swiss"]
[EventRounds "7"]
[EventCountry "WLS"]
[SourceDate "2017.04.14"]

1. d4 d5 2. Bf4 Nf6 3. e3 c5 4. c3 e6 5. Nf3 Be7 6. Nbd2 Nh5 7. Bg3 Nd7 8. Bd3
Nxg3 9. hxg3 h6 10. Ne5 Nxe5 11. dxe5 Bd7 12. f4 Qb6 13. Rb1 c4 14. Bc2 Qxe3+
15. Qe2 Qxg3+ 16. Qf2 Qxf2+ 17. Kxf2 O-O 18. Nf3 b5 19. g4 f6 20. exf6 Bc5+ 21.
Kg3 Rxf6 22. Ne5 Be8 23. Rbe1 g5 24. fxg5 hxg5 25. Rhf1 Rxf1 26. Rxf1 Bd6 27.
Re1 Kg7 28. Kf3 Bxe5 29. Rxe5 Kf6 30. Re1 Bc6 31. Rh1 d4+ 32. Be4 Bxe4+ 33.
Kxe4 d3 34. Rh6+ Kf7 35. Ke5 Re8 36. Rh7+ Kg6 37. Rh1 Rf8 38. Kxe6 Rf2 39. Rd1
Rxb2 40. Ra1 Rc2 0-1

[Event "Tom Weston Open Major Championship"]
[Site "Cardiff"]
[Date "2017.04.15"]
[Round "3.15"]
[White "Jaberansari, Daniel"]
[Black "Bonutto, Stephen"]
[Result "0-1"]
[WhiteElo "1405"]
[BlackElo "1474"]
[PlyCount "94"]
[EventDate "2017.04.14"]
[EventType "swiss"]
[EventRounds "7"]
[EventCountry "WLS"]
[SourceDate "2017.04.14"]

1. e4 e5 2. Nf3 Nc6 3. d4 exd4 4. Nxd4 Bc5 5. Nb3 Bb6 6. Nc3 d6 7. Qe2 Nge7 8.
Be3 Be6 9. f4 Qd7 10. h3 O-O-O 11. O-O-O f6 12. g4 Rhf8 13. Bg2 Kb8 14. Kb1 Qe8
15. Rhf1 Bg8 16. Rh1 Rd7 17. Rd2 Qf7 18. Rhd1 Ng6 19. Qf2 Rfd8 20. Bxb6 axb6
21. Kc1 Qe8 22. Kb1 Na5 23. Kc1 Nc4 24. Rd3 Na5 25. R3d2 Bc4 26. Kb1 Qf7 27.
Kc1 Ne7 28. Qf3 Nec6 29. Kb1 Ba6 30. Bf1 Nc4 31. Bxc4 Bxc4 32. Kc1 Re8 33. Kb1
Rde7 34. Kc1 Na7 35. Re1 Nb5 36. Nxb5 Bxb5 37. Rdd1 Bc6 38. Rd4 g6 39. f5 gxf5
40. gxf5 d5 41. e5 fxe5 42. Rd2 Qf6 43. Rf2 Qh4 44. Kb1 Rf8 45. f6 Ref7 46.
Rfe2 Rxf6 47. Qd3 Rf3 0-1

[Event "Tom Weston Open Major Championship"]
[Site "Cardiff"]
[Date "2017.04.15"]
[Round "4.2"]
[White "Thomas, Roy"]
[Black "Summers, Charles"]
[Result "1-0"]
[WhiteElo "1727"]
[BlackElo "1926"]
[PlyCount "75"]
[EventDate "2017.04.14"]
[EventType "swiss"]
[EventRounds "7"]
[EventCountry "WLS"]
[SourceDate "2017.04.14"]

1. f4 c5 2. e4 Nc6 3. Nf3 e6 4. Be2 Be7 5. O-O a6 6. d3 b5 7. a4 Bb7 8. b3 h5
9. Be3 Nf6 10. h3 h4 11. Ng5 Nd4 12. Nd2 Nxe2+ 13. Qxe2 Nh5 14. Rfe1 Ng3 15.
Qf2 Rc8 16. Nf1 Nxf1 17. Rxf1 d5 18. f5 Bxg5 19. Bxg5 Qxg5 20. fxe6 f6 21. axb5
dxe4 22. bxa6 e3 23. Qe2 Ba8 24. Ra5 Rh6 25. d4 Rg6 26. Rf3 Qd5 27. Kf1 Rxg2
28. Kxg2 Qxf3+ 29. Qxf3 Bxf3+ 30. Kxf3 cxd4 31. a7 Ra8 32. Ke2 Ke7 33. Ra4 Kxe6
34. Rxd4 g5 35. Ra4 Kd7 36. Kxe3 f5 37. Ra5 f4+ 38. Kf3 1-0

[Event "Tom Weston Open Major Championship"]
[Site "Cardiff"]
[Date "2017.04.15"]
[Round "4.3"]
[White "McGregor, John"]
[Black "Bridges, Paul"]
[Result "1/2-1/2"]
[WhiteElo "1803"]
[BlackElo "1776"]
[PlyCount "36"]
[EventDate "2017.04.14"]
[EventType "swiss"]
[EventRounds "7"]
[EventCountry "WLS"]
[SourceDate "2017.04.14"]

1. e4 c5 2. Nc3 e6 3. f4 Nc6 4. Bb5 Nd4 5. Bc4 g6 6. Nf3 Bg7 7. O-O Ne7 8. d3
O-O 9. Nxd4 Bxd4+ 10. Kh1 d5 11. Bb3 a6 12. Ne2 Bg7 13. c3 b5 14. Bc2 Bb7 15.
Ng3 dxe4 16. dxe4 Qxd1 17. Rxd1 Rfd8 18. Be3 c4 1/2-1/2

[Event "Tom Weston Open Major Championship"]
[Site "Cardiff"]
[Date "2017.04.15"]
[Round "4.4"]
[White "Buttell, David"]
[Black "Wagner, Guy"]
[Result "1-0"]
[WhiteElo "1758"]
[BlackElo "1809"]
[PlyCount "41"]
[EventDate "2017.04.14"]
[EventType "swiss"]
[EventRounds "7"]
[EventCountry "WLS"]
[SourceDate "2017.04.14"]

1. d4 e6 2. c4 f5 3. g3 Nf6 4. Bg2 d5 5. Nf3 Bd6 6. O-O O-O 7. b3 b6 8. e3 Bb7
9. Bb2 Nbd7 10. Nbd2 Qe8 11. Rc1 Ne4 12. Ne1 Qg6 13. Ndf3 Qh5 14. Nd3 g5 15.
Nfe5 Qxd1 16. Rfxd1 Nxe5 17. dxe5 Be7 18. cxd5 Bxd5 19. Rxc7 Bd8 20. Rc2 g4 21.
Nf4 1-0

[Event "Tom Weston Open Major Championship"]
[Site "Cardiff"]
[Date "2017.04.15"]
[Round "4.5"]
[White "Stuart, Neil"]
[Black "Livermore, Richard"]
[Result "1/2-1/2"]
[WhiteElo "1762"]
[BlackElo "1553"]
[PlyCount "32"]
[EventDate "2017.04.14"]
[EventType "swiss"]
[EventRounds "7"]
[EventCountry "WLS"]
[SourceDate "2017.04.14"]

1. d4 Nf6 2. Nf3 b6 3. c4 e6 4. a3 Bb7 5. Nc3 d5 6. Bg5 Be7 7. e3 O-O 8. Rc1
Nbd7 9. Bd3 Rc8 10. O-O Ne8 11. Bxe7 Qxe7 12. cxd5 exd5 13. Qb3 c6 14. Rfe1 Nd6
15. e4 dxe4 16. Nxe4 Nf6 1/2-1/2

[Event "Tom Weston Open Major Championship"]
[Site "Cardiff"]
[Date "2017.04.15"]
[Round "4.6"]
[White "Ray, Hiya"]
[Black "Probert, Malcolm"]
[Result "1/2-1/2"]
[WhiteElo "1465"]
[BlackElo "1592"]
[PlyCount "60"]
[EventDate "2017.04.14"]
[EventType "swiss"]
[EventRounds "7"]
[EventCountry "WLS"]
[SourceDate "2017.04.14"]

1. d4 d6 2. c4 e5 3. Nf3 e4 4. Nfd2 f5 5. Nc3 Nf6 6. g3 c6 7. Bg2 g6 8. Nb3 Bg7
9. Bf4 Na6 10. O-O O-O 11. Qd2 Nc7 12. c5 dxc5 13. Nxc5 Ne6 14. Nxe6 Bxe6 15.
Rfd1 Qd7 16. f3 exf3 17. Bxf3 Rad8 18. Na4 Ne4 19. Bxe4 fxe4 20. Nc5 Qe7 21.
Nxe4 Bxd4+ 22. e3 Bb6 23. Qe2 Bf5 24. Nd6 g5 25. Qc4+ Kh8 26. Qc3+ Kg8 27. Be5
Bc7 28. Nxf5 Rxf5 29. Qb3+ Kf8 30. Rxd8+ Bxd8 1/2-1/2

[Event "Tom Weston Open Major Championship"]
[Site "Cardiff"]
[Date "2017.04.15"]
[Round "4.7"]
[White "Gibbs, Dominic V"]
[Black "Fraser, Susanna"]
[Result "1-0"]
[WhiteElo "1845"]
[BlackElo "1419"]
[PlyCount "87"]
[EventDate "2017.04.14"]
[EventType "swiss"]
[EventRounds "7"]
[EventCountry "WLS"]
[SourceDate "2017.04.14"]

1. e4 e5 2. Nf3 Nc6 3. Bc4 Bc5 4. c3 Nf6 5. d3 h6 6. Nbd2 d6 7. Bb3 Be6 8. Nc4
Qd7 9. Ne3 O-O-O 10. Bc2 d5 11. Qe2 d4 12. Nd1 dxc3 13. bxc3 Bb6 14. O-O Nh5
15. Ba4 Qd6 16. Bxc6 bxc6 17. d4 exd4 18. Qa6+ Kb8 19. cxd4 Qb4 20. Ne5 Ka8 21.
Qe2 Nf6 22. Nxc6 Bc4 23. Qf3 Qb5 24. Nxd8 Bxf1 25. Nc3 Qd3 26. Nxf7 Rf8 27. Ne5
Qxd4 28. Ng6 Rd8 29. e5+ Nd5 30. Nxd5 Rxd5 31. Bb2 Qd3 32. Rxf1 Qxf3 33. gxf3
Rd2 34. Bc3 Rxa2 35. e6 Bc5 36. Bxg7 Re2 37. Nf4 Rb2 38. Nd3 Rb5 39. Nxc5 Rxc5
40. e7 Rg5+ 41. Kh1 Rxg7 42. e8=Q+ Kb7 43. Rb1+ Ka6 44. Qa4# 1-0

[Event "Tom Weston Open Major Championship"]
[Site "Cardiff"]
[Date "2017.04.15"]
[Round "4.9"]
[White "Cox, John"]
[Black "Jukes, Sam"]
[Result "0-1"]
[WhiteElo "1448"]
[BlackElo "1734"]
[PlyCount "72"]
[EventDate "2017.04.14"]
[EventType "swiss"]
[EventRounds "7"]
[EventCountry "WLS"]
[SourceDate "2017.04.14"]

1. Nf3 d5 2. d4 Nf6 3. e3 g6 4. c4 c6 5. Nc3 Bg7 6. Bd3 O-O 7. O-O Bg4 8. h3
Bxf3 9. Qxf3 e6 10. b3 Nbd7 11. Ba3 Re8 12. Bd6 Bf8 13. Bxf8 Kxf8 14. Qf4 Kg7
15. cxd5 exd5 16. Rfe1 Qb8 17. Qxb8 Raxb8 18. f3 Rbd8 19. b4 h5 20. Re2 h4 21.
e4 dxe4 22. fxe4 Nb6 23. e5 Nfd5 24. Nxd5 Nxd5 25. b5 Nf4 26. Re3 Nxd3 27. Rxd3
Rxe5 28. bxc6 bxc6 29. Rc3 Rxd4 30. Rxc6 Ra4 31. Rc3 Re2 32. a3 a5 33. Kf1 Rb2
34. Rd1 Rf4+ 35. Rf3 Rxf3+ 36. gxf3 Rb3 0-1

[Event "Tom Weston Open Major Championship"]
[Site "Cardiff"]
[Date "2017.04.15"]
[Round "4.10"]
[White "Hurn, Robert AJ"]
[Black "Qiu, Anlan"]
[Result "1/2-1/2"]
[WhiteElo "1607"]
[BlackElo "1612"]
[PlyCount "41"]
[EventDate "2017.04.14"]
[EventType "swiss"]
[EventRounds "7"]
[EventCountry "WLS"]
[SourceDate "2017.04.14"]

1. d4 e6 2. c4 b6 3. Nc3 Bb7 4. Nf3 f5 5. Bg5 Nf6 6. e3 Be7 7. Be2 d6 8. Rc1
Nbd7 9. O-O O-O 10. Nd2 c5 11. Bf3 Bxf3 12. Nxf3 Rc8 13. b3 Qc7 14. d5 e5 15.
Qc2 e4 16. Ne1 a6 17. a4 Ne5 18. Bf4 Nfd7 19. h3 g5 20. Bh2 Ng6 21. Qe2 1/2-1/2

[Event "Tom Weston Open Major Championship"]
[Site "Cardiff"]
[Date "2017.04.15"]
[Round "4.13"]
[White "Williams, Stephen"]
[Black "O'Rourke, Kevin"]
[Result "1-0"]
[WhiteElo "1714"]
[BlackElo "1310"]
[PlyCount "117"]
[EventDate "2017.04.14"]
[EventType "swiss"]
[EventRounds "7"]
[EventCountry "WLS"]
[SourceDate "2017.04.14"]

1. d4 d5 2. c4 dxc4 3. e3 Nf6 4. Bxc4 e6 5. Nc3 a6 6. a3 Bd7 7. Nf3 Bc6 8. O-O
Ne4 9. Qc2 Ng5 10. Ne5 Bb5 11. Nxb5 axb5 12. Bxb5+ c6 13. Be2 f6 14. Nf3 Be7
15. Bd2 Na6 16. Nxg5 fxg5 17. Bh5+ g6 18. Bg4 Nc7 19. Bc3 Qd7 20. d5 O-O-O 21.
Bxh8 Rxh8 22. dxe6 Nxe6 23. Rfd1 Bd6 24. Qd2 Rd8 25. Qa5 h5 26. Bxe6 Qxe6 27.
Qxg5 Qd7 28. Qxg6 Qc7 29. f4 Qb6 30. Qe6+ Kc7 31. Rxd6 Rxd6 32. Qe5 Qb5 33.
Qxb5 cxb5 34. Rc1+ Kd7 35. Rc2 Ke6 36. g3 Kf5 37. Rc5+ Ke4 38. Rc2 Kf3 39. Rf2+
Kxe3 40. f5 Rf6 41. h3 Ke4 42. g4 hxg4 43. hxg4 Ke5 44. Kg2 Rd6 45. f6 Rxf6 46.
Rxf6 Kxf6 47. Kg3 Kg5 48. Kf3 b6 49. b4 Kf6 50. Kf4 Kg6 51. g5 Kg7 52. Ke5 Kg6
53. Kd6 Kxg5 54. Kc6 Kf5 55. Kxb5 Ke5 56. Kxb6 Kd5 57. a4 Kc4 58. b5 Kb4 59. a5
1-0

[Event "Tom Weston Open Major Championship"]
[Site "Cardiff"]
[Date "2017.04.15"]
[Round "4.14"]
[White "Jones, Huw"]
[Black "Lutchman Singh, Karanvir"]
[Result "1/2-1/2"]
[WhiteElo "1690"]
[BlackElo "1605"]
[PlyCount "91"]
[EventDate "2017.04.14"]
[EventType "swiss"]
[EventRounds "7"]
[EventCountry "WLS"]
[SourceDate "2017.04.14"]

1. d4 Nf6 2. Bg5 e6 3. e4 Be7 4. Bd3 h6 5. Bxf6 Bxf6 6. e5 Be7 7. Nf3 d5 8. c3
c5 9. O-O b6 10. Qe2 O-O 11. Nbd2 Nc6 12. a3 Bd7 13. Rfe1 Qc7 14. Rac1 c4 15.
Bb1 b5 16. Nf1 a5 17. Qc2 g6 18. Ng3 Rfb8 19. h4 b4 20. h5 Be8 21. hxg6 fxg6
22. Qd2 Bf8 23. Nh4 Qg7 24. a4 bxc3 25. bxc3 Rb3 26. Re3 Rab8 27. Bc2 Rb2 28.
Qd1 Be7 29. Qg4 Nd8 30. Nf3 Ra2 31. Nh4 g5 32. Nhf5 exf5 33. Nxf5 Qh7 34. Rh3
h5 35. Nxe7+ Qxe7 36. Qf5 Qf7 37. Qxg5+ Qg7 38. Qe3 Kh8 39. Rg3 Qf8 40. e6 Rb7
41. Qe5+ Rg7 42. Rxg7 Qxg7 43. Qxd5 Qe7 44. Qe5+ Qg7 45. Qd5 Qe7 46. Qe5+
1/2-1/2

[Event "Tom Weston Open Major Championship"]
[Site "Cardiff"]
[Date "2017.04.15"]
[Round "4.15"]
[White "Lutchman Singh, Aishwarya"]
[Black "Jaberansari, Daniel"]
[Result "1/2-1/2"]
[WhiteElo "1411"]
[BlackElo "1405"]
[PlyCount "36"]
[EventDate "2017.04.14"]
[EventType "swiss"]
[EventRounds "7"]
[EventCountry "WLS"]
[SourceDate "2017.04.14"]

1. d4 Nf6 2. Bf4 g6 3. Nc3 Bg7 4. e4 d6 5. Qd2 O-O 6. Bh6 Nbd7 7. Bxg7 Kxg7 8.
Nf3 c5 9. Be2 b6 10. h4 Bb7 11. Bd3 h5 12. d5 a6 13. Qg5 b5 14. Nd2 b4 15. Ne2
Ne5 16. Ng3 Bc8 17. Nf5+ Bxf5 18. exf5 Qd7 1/2-1/2

[Event "Tom Weston Open Major Championship"]
[Site "Cardiff"]
[Date "2017.04.16"]
[Round "5.2"]
[White "Bridges, Paul"]
[Black "Thomas, Roy"]
[Result "1/2-1/2"]
[WhiteElo "1776"]
[BlackElo "1727"]
[PlyCount "51"]
[EventDate "2017.04.14"]
[EventType "swiss"]
[EventRounds "7"]
[EventCountry "WLS"]
[SourceDate "2017.04.14"]

1. e4 c5 2. Nc3 Nc6 3. f4 e6 4. Nf3 Nf6 5. d3 Be7 6. g3 O-O 7. Bg2 d6 8. O-O a6
9. a4 Qc7 10. Ne2 d5 11. e5 Nd7 12. c3 f6 13. d4 c4 14. Nd2 Na5 15. g4 fxe5 16.
fxe5 Bg5 17. b4 cxb3 18. Nxb3 Bxc1 19. Rxc1 Nc4 20. Qd3 Qb6 21. Rxf8+ Nxf8 22.
Nc5 Nxe5 23. Qg3 Nc4 24. Rf1 Qd6 25. Qf2 Qe7 26. Nf4 1/2-1/2

[Event "Tom Weston Open Major Championship"]
[Site "Cardiff"]
[Date "2017.04.16"]
[Round "5.3"]
[White "Summers, Charles"]
[Black "Probert, Malcolm"]
[Result "1/2-1/2"]
[WhiteElo "1926"]
[BlackElo "1592"]
[PlyCount "45"]
[EventDate "2017.04.14"]
[EventType "swiss"]
[EventRounds "7"]
[EventCountry "WLS"]
[SourceDate "2017.04.14"]

1. d4 d6 2. e4 Nf6 3. Nc3 c6 4. f4 e5 5. Nf3 Qa5 6. Bd2 Qb6 7. fxe5 dxe5 8. Na4
Qc7 9. Nxe5 Nxe4 10. Bc4 Nd6 11. O-O Nxc4 12. Nxf7 Nxd2 13. Qxd2 Rg8 14. Rae1+
Be7 15. Nc5 b6 16. Ne4 Nd7 17. Ned6+ Kf8 18. Nh6+ Nf6 19. Rxf6+ gxf6 20. Nhf5
Bxf5 21. Qh6+ Rg7 22. Nxf5 Bd8 23. Re4 1/2-1/2

[Event "Tom Weston Open Major Championship"]
[Site "Cardiff"]
[Date "2017.04.16"]
[Round "5.4"]
[White "Livermore, Richard"]
[Black "Gibbs, Dominic V"]
[Result "0-1"]
[WhiteElo "1553"]
[BlackElo "1845"]
[PlyCount "32"]
[EventDate "2017.04.14"]
[EventType "swiss"]
[EventRounds "7"]
[EventCountry "WLS"]
[SourceDate "2017.04.14"]

1. d4 g6 2. Nf3 f5 3. c4 Nf6 4. Nc3 d6 5. e3 Bg7 6. Bd3 O-O 7. e4 fxe4 8. Nxe4
Nbd7 9. Qb3 Nxe4 10. Bxe4 c6 11. Bd2 Qb6 12. Bc3 Qxb3 13. axb3 Nf6 14. Bd3 Bg4
15. Nh4 Nh5 16. h3 Bd7 {White's phone went off} 0-1

[Event "Tom Weston Open Major Championship"]
[Site "Cardiff"]
[Date "2017.04.16"]
[Round "5.5"]
[White "Jukes, Sam"]
[Black "Ray, Hiya"]
[Result "1-0"]
[WhiteElo "1734"]
[BlackElo "1465"]
[PlyCount "53"]
[EventDate "2017.04.14"]
[EventType "swiss"]
[EventRounds "7"]
[EventCountry "WLS"]
[SourceDate "2017.04.14"]

1. d4 Nf6 2. c4 g6 3. Nc3 Bg7 4. e4 d6 5. Nf3 O-O 6. Be2 Nbd7 7. O-O e5 8. d5
Nc5 9. Bg5 h6 10. Bxf6 Bxf6 11. b4 Na6 12. Rb1 Bg7 13. c5 dxc5 14. Bxa6 bxa6
15. bxc5 f5 16. d6 Be6 17. dxc7 Qxc7 18. Nd5 Bxd5 19. Qxd5+ Kh8 20. Rb7 Qd8 21.
Nxe5 Qxd5 22. Nxg6+ Kg8 23. exd5 Rfd8 24. Ne7+ Kh8 25. Nxf5 Bf8 26. d6 Rac8 27.
Nd4 1-0

[Event "Tom Weston Open Major Championship"]
[Site "Cardiff"]
[Date "2017.04.16"]
[Round "5.8"]
[White "Bonutto, Stephen"]
[Black "Williams, Stephen"]
[Result "1/2-1/2"]
[WhiteElo "1474"]
[BlackElo "1714"]
[PlyCount "61"]
[EventDate "2017.04.14"]
[EventType "swiss"]
[EventRounds "7"]
[EventCountry "WLS"]
[SourceDate "2017.04.14"]

1. e4 c6 2. d4 d5 3. Nc3 dxe4 4. Nxe4 Bf5 5. Ng3 Bg6 6. h4 h6 7. Nf3 Nd7 8. h5
Bh7 9. Bd3 Bxd3 10. Qxd3 e6 11. Bd2 Ngf6 12. O-O-O Qc7 13. Ne4 Nxe4 14. Qxe4
Nf6 15. Qe2 O-O-O 16. Kb1 Bd6 17. c4 Rhe8 18. Bc3 Kb8 19. Ne5 Bxe5 20. dxe5 Ng8
21. Rxd8+ Rxd8 22. Qg4 Qd7 23. Qxg7 Qd3+ 24. Kc1 Qxc4 25. Rd1 Rxd1+ 26. Kxd1
Qf1+ 27. Be1 Qd3+ 28. Bd2 Qf1+ 29. Kc2 Qc4+ 30. Kb1 Qd3+ 31. Kc1 1/2-1/2

[Event "Tom Weston Open Major Championship"]
[Site "Cardiff"]
[Date "2017.04.16"]
[Round "5.9"]
[White "Hurn, Robert AJ"]
[Black "White, Sam"]
[Result "1-0"]
[WhiteElo "1607"]
[BlackElo "1671"]
[PlyCount "39"]
[EventDate "2017.04.14"]
[EventType "swiss"]
[EventRounds "7"]
[EventCountry "WLS"]
[SourceDate "2017.04.14"]

1. d4 Nf6 2. c4 d5 3. Nc3 Bg4 4. cxd5 Nxd5 5. Qb3 Nb6 6. e3 Be6 7. Qd1 Bc4 8.
Bxc4 Nc6 9. Bb5 e6 10. Nf3 a6 11. Bxc6+ bxc6 12. Ne5 Bb4 13. O-O Bxc3 14. bxc3
O-O 15. Ba3 Re8 16. Qf3 f6 17. Nxc6 Qd7 18. Nb4 a5 19. Nc2 Qa4 20. Qe2 1-0

[Event "Tom Weston Open Major Championship"]
[Site "Cardiff"]
[Date "2017.04.16"]
[Round "6.2"]
[White "Gibbs, Dominic V"]
[Black "Buttell, David"]
[Result "1/2-1/2"]
[WhiteElo "1845"]
[BlackElo "1758"]
[PlyCount "111"]
[EventDate "2017.04.14"]
[EventType "swiss"]
[EventRounds "7"]
[EventCountry "WLS"]
[SourceDate "2017.04.14"]

1. e4 c5 2. Nc3 Nc6 3. Bb5 Nd4 4. Bc4 e6 5. Nge2 Ne7 6. Nxd4 cxd4 7. Ne2 Nc6 8.
d3 Be7 9. O-O O-O 10. a3 d5 11. exd5 exd5 12. Ba2 Be6 13. Nf4 Bd6 14. Qh5 g6
15. Nxe6 fxe6 16. Qh3 Qf6 17. Bd2 Rae8 18. Rae1 Kh8 19. Qg4 Ne5 20. Qg5 Qxg5
21. Bxg5 Kg7 22. Re2 h6 23. Bd2 Ng4 24. h3 Nf6 25. Rfe1 e5 26. c4 dxc4 27. Bxc4
a6 28. a4 g5 29. b4 Rc8 30. Rb1 Rc7 31. b5 axb5 32. Rxb5 Re8 33. f3 Ree7 34.
Ba5 Rc5 35. Reb2 Rxb5 36. Rxb5 Kg6 37. Kf2 Kf5 38. g4+ Kg6 39. Bd8 Rd7 40. Bxf6
Kxf6 41. Rb6 Ke7 42. Bd5 Rc7 43. Ke2 Kd7 44. Kd1 Ke7 45. Bxb7 Rc3 46. Ba6 Ra3
47. Bb5 Ra2 48. Rb7+ Kf6 49. Rh7 Bf8 50. Ra7 Ba3 51. a5 Ra1+ 52. Kc2 Rc1+ 53.
Kd2 Rc5 54. Bc4 Bb4+ 55. Kc2 Rxa5 56. Rxa5 1/2-1/2